000 00350 a2200109 4500
001 ART_6998
005 20260410161622.0
008 260409a
245 1 0 _aReconocimiento y medición de impuestos diferidos en la NIIF para Pymes (Primera parte)
100 1 _aZgaib, Alfredo O.
773 0 _tEnfoques
_g- Nº 3 (mar. 2011)
_wREV416
999 _c11648
_d11648